| 000 -LEADER |
| fixed length control field |
00829nam a22001577a 4500 |
| 003 - CONTROL NUMBER IDENTIFIER |
| control field |
OSt |
| 005 - DATE AND TIME OF LATEST TRANSACTION |
| control field |
20150920080938.0 |
| 008 - FIXED-LENGTH DATA ELEMENTS--GENERAL INFORMATION |
| fixed length control field |
150920b xxu||||| |||| 00| 0 eng d |
| 040 ## - CATALOGING SOURCE |
| Transcribing agency |
RUA |
| 082 ## - DEWEY DECIMAL CLASSIFICATION NUMBER |
| Classification number |
AGR VA 2008 B038 Or.1 |
| 100 ## - MAIN ENTRY--PERSONAL NAME |
| 9 (RLIN) |
895 |
| Personal name |
VA, VACHNA. |
| 245 ## - TITLE STATEMENT |
| Title |
Farmer's adoption of techniques of ecological system of rice intensification case study in baphnom district prey veng province ការទទួលយករបស់កសិករលើបច្ចេកទេសនៃប្រព័ន្ធប្រពលវប្បកម្មដំណាំស្រូវតាមគោលការណ៍ធម្មជាតិ ករណីសិក្សាស្រុកបាភ្នំ ខេត្តព្រៃវែង |
| 260 ## - PUBLICATION, DISTRIBUTION, ETC. (IMPRINT) |
| Place of publication, distribution, etc. |
Phnom Penh |
| Name of publisher, distributor, etc. |
RUA |
| Date of publication, distribution, etc. |
2008 |
| 300 ## - PHYSICAL DESCRIPTION |
| Extent |
xi; 45p. |
| Other physical details |
ill. |
| Dimensions |
29cm. |
| 942 ## - ADDED ENTRY ELEMENTS (KOHA) |
| Source of classification or shelving scheme |
|
| Koha item type |
AGR |